000 00642nam a2200205Ia 4500
003 GCL
008 140319s9999 xx 000 0 ara d
040 _aGCL /
_cGCL
082 0 4 _a347.02
_bع د
100 1 _aعبدالحكم فودة
245 1 0 _aدائرة الجنح المستأنفة /
_cعبدالحكم فودة
260 _a[S.N] :
_bدار المطبوعات الجامعية ،
_c1991
300 _a446 ص
490 _a
650 0 4 _aالقانون
650 0 4 _aالقانون المدنى
650 0 4 _aقانون الاجراءات المدنية
650 0 4 _aالمحاكم الابتدائية
942 _2ddc
_cBK
999 _c28356
_d28356